000 00270 a2200097 4500
082 _a624.1821 DAY
100 _aDayaratnam,P
245 _aDesign of Steel Structures /
_cP.Dayaratnam
260 _aNew Delhi :
_cS.Chand & comp,
_b2003
300 _aXII,868P. :
_bill . ;
_c25 cm
650 _asteel structure
999 _c1281
_d1281